<?xml version="1.0" encoding="UTF-8"?>
<record
    xmlns:xsi="http://www.w3.org/2001/XMLSchema-instance"
    xsi:schemaLocation="http://www.loc.gov/MARC21/slim http://www.loc.gov/standards/marcxml/schema/MARC21slim.xsd"
    xmlns="http://www.loc.gov/MARC21/slim">

  <leader>00922pam a2200241 a 4500</leader>
  <controlfield tag="001">3452530</controlfield>
  <controlfield tag="003">BD-DhUL</controlfield>
  <controlfield tag="005">20170423150539.0</controlfield>
  <controlfield tag="008">920221s1992    nyu           000 0 eng  </controlfield>
  <datafield tag="010" ind1=" " ind2=" ">
    <subfield code="a">   92053556 </subfield>
  </datafield>
  <datafield tag="020" ind1=" " ind2=" ">
    <subfield code="a">0452267765 :</subfield>
    <subfield code="c">$10.00 ($12.99 Can.)</subfield>
  </datafield>
  <datafield tag="040" ind1=" " ind2=" ">
    <subfield code="a">DLC</subfield>
    <subfield code="c">DLC</subfield>
    <subfield code="d">DLC</subfield>
    <subfield code="d">BD-DhUL</subfield>
  </datafield>
  <datafield tag="050" ind1="0" ind2="0">
    <subfield code="a">PN1997</subfield>
    <subfield code="b">.R2259 1992</subfield>
  </datafield>
  <datafield tag="082" ind1="0" ind2="0">
    <subfield code="a">812.54</subfield>
    <subfield code="2">20</subfield>
    <subfield code="b">HAR</subfield>
  </datafield>
  <datafield tag="100" ind1="1" ind2=" ">
    <subfield code="a">Hansberry, Lorraine</subfield>
    <subfield code="d">1930-1965.</subfield>
  </datafield>
  <datafield tag="245" ind1="1" ind2="2">
    <subfield code="a">A raisin in the sun :</subfield>
    <subfield code="b">the unfilmed original screenplay /</subfield>
    <subfield code="c">Lorraine Hansberry ; edited by Robert Nemiroff ; foreword by Jewell Handy Gresham-Nemiroff ; introduction by Margaret B. Wilkerson ; with a commentary by Spike Lee.</subfield>
  </datafield>
  <datafield tag="260" ind1=" " ind2=" ">
    <subfield code="a">New York, N.Y., U.S.A. :</subfield>
    <subfield code="b">Plume Book,</subfield>
    <subfield code="c">c1992.</subfield>
  </datafield>
  <datafield tag="300" ind1=" " ind2=" ">
    <subfield code="a">xlvii, 206 p. ;</subfield>
    <subfield code="c">21 cm.</subfield>
  </datafield>
  <datafield tag="650" ind1=" " ind2="0">
    <subfield code="a">African American families</subfield>
    <subfield code="v">Drama.</subfield>
  </datafield>
  <datafield tag="700" ind1="1" ind2=" ">
    <subfield code="a">Nemiroff, Robert.</subfield>
  </datafield>
  <datafield tag="906" ind1=" " ind2=" ">
    <subfield code="a">7</subfield>
    <subfield code="b">cbc</subfield>
    <subfield code="c">orignew</subfield>
    <subfield code="d">1</subfield>
    <subfield code="e">ocip</subfield>
    <subfield code="f">19</subfield>
    <subfield code="g">y-gencatlg</subfield>
  </datafield>
  <datafield tag="942" ind1=" " ind2=" ">
    <subfield code="2">ddc</subfield>
    <subfield code="c">REF</subfield>
  </datafield>
  <datafield tag="999" ind1=" " ind2=" ">
    <subfield code="c">191191</subfield>
    <subfield code="d">191191</subfield>
  </datafield>
  <datafield tag="952" ind1=" " ind2=" ">
    <subfield code="0">0</subfield>
    <subfield code="1">0</subfield>
    <subfield code="2">ddc</subfield>
    <subfield code="4">0</subfield>
    <subfield code="6">812_540000000000000_HAR</subfield>
    <subfield code="7">1</subfield>
    <subfield code="8">REF</subfield>
    <subfield code="9">327711</subfield>
    <subfield code="a">DUL</subfield>
    <subfield code="b">DUL</subfield>
    <subfield code="c">ASC</subfield>
    <subfield code="d">2017-04-23</subfield>
    <subfield code="e">Gift</subfield>
    <subfield code="o">812.54 HAR</subfield>
    <subfield code="p">349010</subfield>
    <subfield code="r">2017-04-23</subfield>
    <subfield code="w">2017-04-23</subfield>
    <subfield code="y">REF</subfield>
  </datafield>
</record>
